Univerzita výnimočných 2 Zrada

Bibliographic Details
Main Author: Charbonneau, Joelle, 1974- (Author)
Other Authors: Kýšková, Petra (Translator)
Format: Book
Language:Slovak
English
Published: V Bratislave Fragment Albatros Media Slovakia, s.r.o. 2018
Edition:1. vydanie
Subjects:

MARC

LEADER 00000cam a2200000 4500
001 vtls011748993
003 SK-MaSNL
005 20260302020900.0
008 200316s2018 xo d 010 f slo
015 |a SNBA2018/07 
020 |a 9788056603963  |q (brožované) 
035 |a urn:nbn:sk:snk-am00dh10 
035 |a urn:nbn:sk:snk-am3i1yu 
035 |a BE07CAEF-4976-441F-9546-BE1A86F032E7 
038 |a PPPK 
040 |a SNK  |b slo  |e rda  |c SNK 
041 1 |a slo  |h eng 
044 |a xo  |c SK 
072 7 |a 821.111(73)-3  |x Americká próza  |2 konspekt 
072 7 |a 821-93  |x Literatúra pre deti a mládež (beletria)  |2 konspekt 
080 |a 821.111(73)-31  |2 2011 
080 |a (0:82-311.9)  |2 2001 
080 |a 82-93-053.6  |2 2011 
100 1 |a Charbonneau, Joelle,  |d 1974-  |4 aut  |9 170682 
240 1 0 |a Independent study  |l Slovensky 
245 1 0 |a Univerzita výnimočných  |n 2  |p Zrada  |c Joelle Charbonneau ; preklad Petra Kýšková 
246 3 0 |a Zrada 
250 |a 1. vydanie 
264 1 |a V Bratislave  |b Fragment  |b Albatros Media Slovakia, s.r.o.  |c 2018 
300 |a 295 strán  |c 21 cm 
336 |a text  |b txt  |2 rdacontent 
337 |a bez média  |b n  |2 rdamedia 
338 |a zväzok  |b nc  |2 rdacarrier 
500 |a Vydalo vydavateľstvo Fragment v Bratislave v spoločnosti Albatros Media Slovakia, s.r.o. 
500 |a Preložené z angličtiny 
521 1 |a Pre čitateľov od 15 rokov 
655 7 |a americké romány  |2 SNKPH  |9 1174 
655 7 |a vedecko-fantastické romány  |2 SNKPH  |9 70221 
655 7 |a publikácie pre mládež  |2 SNKPH  |9 70434 
655 7 |a American novels  |2 SNKPHeng  |9 277755 
655 7 |a Science fiction novels  |2 SNKPHeng  |9 277894 
655 7 |a Juvenile literature  |2 SNKPHeng  |9 278419 
700 1 |a Kýšková, Petra  |4 trl  |9 184012 
752 |a Slovensko  |d Bratislava 
852 |a Podtatranská knižnica v Poprade 
852 |a Štátna vedecká knižnica v Banskej Bystrici 
919 |a 978-80-566-0396-3 
958 |a LX 
958 |a UP 
968 |b ENG 
999 |c 1026708  |d 1028638 
952 |a SNK  |b SNK  |y PREZ  |7 0  |p 17A1331859  |o snkSC 176751/2  |i snk2018/12306  |8 0  |0 0  |1 0  |4 0  |d 2018-06-06  |f 1  |l 0  |r 2025-09-18 00:00:00  |w 2026-02-24 
952 |a SNK  |b SNK  |y PREZ  |7 0  |p 17A1331860  |o snkSC 176751/2 D1  |i snk2018/12307  |8 0  |0 0  |1 0  |4 0  |d 2018-06-06  |l 0  |r 2026-02-24 13:42:06  |w 2026-02-24